000 00403nam a22001697a 4500
005 20160503124315.0
008 160503b xxu||||| |||| 00| 0 eng d
020 _a978-0-07058190-6
041 _aeng
082 _b1218
100 _aSekaran Uma
_9355
245 _aOrganisational Behaviour
260 _bThe Mc Graw hill companies
_c2004
300 _a359
650 _aManagement
_9241
942 _cBK
999 _c496
_d496